Mine own executioner / (Record no. 130099)

MARC details
000 -LEADER
fixed length control field 00545nam a22002177a 4500
005 - DATE AND TIME OF LATEST TRANSACTION
control field 20170124110107.0
010 ## - LIBRARY OF CONGRESS CONTROL NUMBER
LC control number 735133
020 ## - INTERNATIONAL STANDARD BOOK NUMBER
Terms of availability 00.00
035 ## - SYSTEM CONTROL NUMBER
System control number 735133
037 ## - SOURCE OF ACQUISITION
Source of stock number/acquisition Cen Lib/Ret
040 ## - CATALOGING SOURCE
Original cataloging agency DPL
Language of cataloging EN
082 ## - DEWEY DECIMAL CLASSIFICATION NUMBER
Classification number N
Item number BAL
100 ## - MAIN ENTRY--PERSONAL NAME
Personal name Balchin, Nigel
9 (RLIN) 28290
245 ## - TITLE STATEMENT
Title Mine own executioner /
Statement of responsibility, etc by Nigel Balchin
260 ## - PUBLICATION, DISTRIBUTION, ETC. (IMPRINT)
Place of publication, distribution, etc London
Name of publisher, distributor, etc The reprint Society
Date of publication, distribution, etc 1945
270 ## - ADDRESS
City London
300 ## - PHYSICAL DESCRIPTION
Extent 252p.
Dimensions 18cm(Hb)
650 ## - SUBJECT ADDED ENTRY--TOPICAL TERM
Topical term or geographic name as entry element Literature fiction
9 (RLIN) 72971
650 ## - SUBJECT ADDED ENTRY--TOPICAL TERM
Topical term or geographic name as entry element English novel
9 (RLIN) 14422
942 ## - ADDED ENTRY ELEMENTS (KOHA)
Source of classification or shelving scheme Dewey Decimal Classification
Koha item type English Books
Classification part N
Call number suffix BAL
Holdings
Withdrawn status Lost status Damaged status Not for loan Home library Current library Date acquired Source of acquisition Cost, normal purchase price Total Checkouts Full call number Barcode Date last seen Copy number Cost, replacement price Price effective from Koha item type Public note
Written off       Central Library Central Library 08/07/2015 Cen Lib/Ret 0.00   N BAL 735133 08/07/2015 1 0.00 08/07/2015 English Books W/d List No. 6857/13; dtd 04/08/2020

© Delhi Public Library
Hit Counter
free hit counter